Statistics for Pixar Who Wants To Be A Millionaire

Click here to take the quiz!

General Stats

  • This quiz has been taken 168 times
  • The average score is 9 of 15

Answer Stats

QuestionAnswer% Correct
($100) What is the cowboy's name in Toy Story?A) Woody
100%
($500) How many members of the Parr (Incredibles) family are there?B) 5
95%
($200) What was the first Pixar movie?C) Toy Story
86%
($8,000) Which of these colors is not the color of an emotion?C) Orange
80%
($300) What is the newest Pixar movie?D) Onward
71%
($1,000) Which one of these movies doesn't have a sequel?D) Monsters, Inc.
64%
($125,000) Who has directed the most movies?D) John Lasseter
60%
($4,000) Who is not a member of the Tank Gang?B) Marlin
59%
($250,000) Who voices a character in every movie?A) John Ratzenberger
53%
($64,000) How many Pixar movies are there?C) 22
48%
($32,000) What is not a name of a dinosaur in The Good Dinosaur?B) Bobby
34%
($2,000) What is the name of the talking golden retriever from Up?B) Dug
33%
($1,000,000) What is the name of the cockroach in WALL-E?D) Hal
30%
($500,000) How many films did John Lasseter direct?B) 5
27%
($16,000) Which one of these is not a fraternity/sorority in Monsters University?D) Fear Sigma Zeta
23%

Score Distribution

Percentile by Number Answered

Percent of People with Each Score

Your Score History

You have not taken this quiz